Adaptive markets (Record no. 6324)
[ view plain ]
| 000 -LEADER | |
|---|---|
| fixed length control field | 01144nam a2200169Ia 4500 |
| 005 - DATE AND TIME OF LATEST TRANSACTION | |
| control field | 20250117103818.0 |
| 008 - FIXED-LENGTH DATA ELEMENTS--GENERAL INFORMATION | |
| fixed length control field | 250117s9999 xx 000 0 und d |
| 020 ## - INTERNATIONAL STANDARD BOOK NUMBER | |
| International Standard Book Number | 9780691135144 |
| 082 ## - DEWEY DECIMAL CLASSIFICATION NUMBER | |
| Classification number | 332.64LO |
| 100 ## - MAIN ENTRY--PERSONAL NAME | |
| Personal name | Lo, Andrew W. |
| 245 #0 - TITLE STATEMENT | |
| Title | Adaptive markets |
| Remainder of title | financial evolution at the speed of thought |
| 260 ## - PUBLICATION, DISTRIBUTION, ETC. | |
| Place of publication, distribution, etc. | Princeton, NJ |
| Name of publisher, distributor, etc. | Princeton University Press |
| Date of publication, distribution, etc. | 2017 |
| 300 ## - PHYSICAL DESCRIPTION | |
| Extent | x, 483 p.: ill. ; 25 cm |
| 500 ## - GENERAL NOTE | |
| General note | includes Bibliographic reference and Index |
| 520 ## - SUMMARY, ETC. | |
| Summary, etc. | Half of all Americans have money in the stock market, yet economists can't agree on whether investors and markets are rational and efficient, as modern financial theory assumes, or irrational and inefficient, as behavioral economists believe―and as financial bubbles, crashes, and crises suggest. This is one of the biggest debates in economics and the value or futility of investment management and financial regulation hang on the outcome. In this groundbreaking book, Andrew Lo cuts through this debate with a new framework, the Adaptive Markets Hypothesis, in which rationality and irrationality coexist. |
| 650 ## - SUBJECT ADDED ENTRY--TOPICAL TERM | |
| Topical term or geographic name entry element | Finance; Stock exchanges; Economics |
| Withdrawn status | Lost status | Damaged status | Not for loan | Home library | Current library | Shelving location | Date acquired | Total checkouts | Full call number | Barcode | Date last seen | Price effective from | Koha item type |
|---|---|---|---|---|---|---|---|---|---|---|---|---|---|
| UONGOZI Institute Resources Centre - Dodoma | UONGOZI Institute Resources Centre - Dodoma | 01/17/2025 | 332.64LO | 006014 | 01/31/2025 | 01/17/2025 | Book |
